000 00795cam a2200289 a 4500
001 12986063
003 OSt
005 20230703143143.0
008 011220s2001 fi 000 0 eng d
010 _a 2002507269
020 _a951532243X
040 _aMNG
_cMNG
_dDLC
041 1 _aeng
_hfin
042 _alccopycat
043 _ae-fi---
082 _a342.948
_bPOF
110 1 _aFinland.
240 1 0 _aPerustuslaki.
_lEnglish
245 1 4 _aThe Constitution of Finland.
260 _a[Finland] :
_bParliament of Finland,
_c2001.
300 _a167 p. ;
_c22 cm.
650 0 _aConstitutions
_zFinland.
710 1 _aFinland.
_bEduskunta.
906 _a7
_bcbc
_ccopycat
_d2
_encip
_f20
_gy-gencatlg
942 _2ddc
_cBK
999 _c3280
_d3280